| 000 | 00562nam a2200193Ia 4500 | ||
|---|---|---|---|
| 008 | 220216s9999 xx 000 0 und d | ||
| 100 | _aChirinos H | ||
| 245 | 0 | _aNatural rubber latex using gamma rays and electron beam radiation: Crosslinking parameters | |
| 260 |
_bKautschuk Gummi Kunststoffe _c2007 |
||
| 300 | _a535-541 | ||
| 650 | _aCuring | ||
| 650 | _aElectron beam | ||
| 650 | _aGamma ray crosslinking | ||
| 650 | _aNatural rubber latex | ||
| 650 | _aResponse surface methodology | ||
| 700 | _aMakauuchi K | ||
| 700 | _aYoshii F | ||
| 942 | _cJS | ||
| 999 |
_c63575 _d63575 |
||